Logo BPK

Biblioteka

Politechniki Koszalińskiej

Teoria układów regulacji automatycznej / (Rekord nr 26483)

Szczegóły MARC
000 -ETYKIETA REKORDU
podpole kontrolne o stałej długości 00338nam a2200133 i 4500
001 - NUMER KONTROLNY REKORDU
pole kontrolne bg
040 ## - ŹRÓDŁO KATALOGOWANIA
Instytucja, która utworzyła rekord BPK
041 ## - KOD JĘZYKA
Kod języka tekstu pol
008 - POLE O STAŁEJ DŁUGOŚCI - DANE KONTROLNE
podpole kontrolne o stałej długości 950505s1974 pl f |000 0 pol
100 1# - NAZWA OSOBOWA
Nazwa osobowa Kaczorek, Tadeusz
Daty związane z nazwą (1932- ).
245 10 - TYTUŁ/ODPOWIEDZIALNOŚĆ
Tytuł Teoria układów regulacji automatycznej /
Pozostałe elementy strefy tytułu i oznaczenia odpowiedzialności Tadeusz Kaczorek.
260 ## - STREFA ADRESU WYDAWNICZEGO
Miejsce wydania Warszawa,
Data publikacji, dystrybucji/powstania dokumentu 1974.
856 ## - LOKALIZACJA I DOSTĘP DO ELEKTRONICZNYCH DOKUMENTÓW ZDALNYCH
Link (URL) http://koha.tu.koszalin.pl/cgi-bin/koha/opac-detail.pl?biblionumber=26483
Tekst linku Katalog online BPK
942 ## - DODATKOWE ELEMENTY (KOHA)
Typ dokumentu Książka
Egzemplarze
Wycofany Status egzemplarza Uszkodzony Dostępność Lokalizacja stała Lokalizacja bieżąca Miejsce przechowywania Sygnatura Kod kreskowy Typ dokumentu Ostatnio wypożyczono
      Dostępny Biblioteka Politechniki Koszalińskiej Biblioteka Politechniki Koszalińskiej Wypożyczalnia BG 17863 01162899 Książka  
      Dostępny Biblioteka Politechniki Koszalińskiej Biblioteka Politechniki Koszalińskiej Wypożyczalnia BG 17864 01140446 Książka  
      Dostępny Biblioteka Politechniki Koszalińskiej Biblioteka Politechniki Koszalińskiej Wypożyczalnia BG 19414 01249323 Książka 23.03.2017
© 2023 Biblioteka Politechniki Koszalińskiej :: KOHA